| 000 | 00358nam a22001457a 4500 | ||
|---|---|---|---|
| 008 | 230503b ||||| |||| 00| 0 eng d | ||
| 020 | _a0060466693 | ||
| 041 | _aeng | ||
| 080 |
_2FIFTH EDITION _a611 |
||
| 082 | _2611TOR | ||
| 100 | _a11 | ||
| 101 | _aANATOMI PSIKOLOGJI | ||
| 245 |
_aPRINCIPLES OF ANATOMY AND PHYSIOLOGY _cTORTORA .J.G |
||
| 942 |
_2udc _cBK |
||
| 999 |
_c59653 _d59653 |
||